| 000 | 00604nam a2200229Ia 4500 | ||
|---|---|---|---|
| 003 | OSt | ||
| 005 | 20221006144908.0 | ||
| 006 | a|||||r|||| 00| 0 | ||
| 007 | ta | ||
| 008 | 221006b |||||||| |||| 00| 0 eng d | ||
| 024 | _a13,102 | ||
| 037 |
_bGift, _cTextual |
||
| 040 |
_aEASL _cEASL _beng |
||
| 041 |
_2eng _aeng |
||
| 082 | _aV41:8.N56, J6 | ||
| 100 |
_aEN-LAI Chou _9650178 |
||
| 245 | 0 | _aPolitical report | |
| 260 |
_aPeking _bFOreign Languages Press _c1956 |
||
| 300 |
_a48p. _ccm. |
||
| 942 |
_hV41:8.N56, J6 _cTEXL _2CC |
||
| 999 |
_c1081188 _d1081188 |
||